[Event "MCR mladeze, Kouty 2018 - H10"]
[Site "Kouty nad Desnou"]
[Date "2018.03.13"]
[Round "5"]
[White "Finek, Vaclav"]
[Black "Hladky, Tadeas"]
[Result "0-1"]
[WhiteElo "1626"]
[BlackElo "1592"]
[EventDate "2018.03.10"]

1. e4 e5 2. Nf3 Nc6 3. Bc4 Bc5 4. c3 Nf6 5. d4 exd4 6. cxd4 Bb4+ 7. Bd2 Bxd2+ 8.
Nbxd2 d5 9. exd5 Nxd5 10. O-O O-O 11. Rc1 Nce7 12. Ne5 c6 13. Ne4 Nb6 14. Bb3
Ned5 15. a3 Nd7 16. Nd6 N7b6 17. Nxc8 Rxc8 18. Bc2 Qd6 19. b4 g6 20. Bb1 Rcd8 21.
h4 Nf4 22. Nf3 Ne6 23. h5 Nxd4 24. hxg6 hxg6 25. Nxd4 Qxd4 26. Qb3 Qd5 27. Qg3
Qe6 28. f4 Rfe8 29. Kh1 Qe3 30. Qg4 Kg7 31. Rcd1 Rh8+ 0-1

[Event "MCR mladeze, Kouty 2018 - H10"]
[Site "Kouty nad Desnou"]
[Date "2018.03.13"]
[Round "5"]
[White "Fizer, Marek"]
[Black "Nemec, Jachym"]
[Result "1-0"]
[WhiteElo "1434"]
[BlackElo "1539"]
[EventDate "2018.03.10"]

1. e4  e5  2. Nf3  Nc6
3. Bb5  f5  4. Nc3
Nf6  5. d3  fxe4
6. Nxe4  d5  7. Nxe5
dxe4  8. Nxc6  bxc6
9. Bxc6+  Bd7  10. Bxa8
Qxa8  11. O-O  Bd6
12. dxe4  O-O  13. f3
Bc5+  14. Kh1  Qc6
15. Bg5  Be6  16. Qd2
Qe8  17. Qc3  Bd6
18. Rae1  Qh5  19. f4
Nd7  20. e5  Bc5
21. b4  Bb6  22. Qc6
Qf7  23. f5  Bd5
24. Qc3  Qh5  25. Qg3
h6  26. Qd3  Bxg2+
27. Kxg2  Qxg5+  28. Kh1
Qe7  29. c4  c6
30. Qg3  Bd4  31. f6  Nxf6
32. exf6  Rxf6  33. Qb8+
Qf8  34. Qxf8+  Rxf8
35. Rxf8+  Kxf8  36. Kg2
Bc3  37. Rb1  Ke7
38. Kf3  a5  39. b5
Kd7  40. b6  Kc8
41. Ke4  Bb4  42. Ke5
Kb7  43. Kd4  g5
44. c5  h5  45. Rf1
g4  46. Rf7+  1-0

[Event "MCR mladeze, Kouty 2018 - H10"]
[Site "Kouty nad Desnou"]
[Date "2018.03.13"]
[Round "5"]
[White "Kubin, Tomas Daniel"]
[Black "Brozka, Karel"]
[Result "0-1"]
[WhiteElo "1218"]
[BlackElo "1665"]
[EventDate "2018.03.10"]

1. e4  c6  2. d4  d5
3. Nc3  dxe4  4. Nxe4
Nf6  5. Nxf6+  exf6
6. Nf3  Bd6  7. Be2
Bg4  8. O-O  O-O
9. h3  Be6  10. Re1
Nd7  11. Be3  Re8
12. c3  Nf8  13. Qc2
Qd7  14. Rad1  Ng6
15. Bd3  Bxh3  16. g3
Qc7  17. Kh2  Bg4
18. Be2  Bxg3+  19. fxg3
Rxe3  20. Rf1  Rae8
21. Rde1  Bxf3  22. Rf2
Bxe2  23. Rexe2  Qxg3+ 24. Kh1
Qh3+  25. Rh2  Qf1#
0-1

[Event "MCR mladeze, Kouty 2018 - H10"]
[Site "Kouty nad Desnou"]
[Date "2018.03.13"]
[Round "5"]
[White "Soucek, Jan"]
[Black "Day, Tobias"]
[Result "1-0"]
[WhiteElo "1354"]
[BlackElo "1340"]
[EventDate "2018.03.10"]

1. e4  c5  2. Nf3  e6
3. d4  cxd4  4. Nxd4
Nf6  5. Nc3  Nc6
6. Be2  Bb4  7. Bf3
h6  8. Nde2  Ne5
9. a3  Nxf3+  10. gxf3
Bxc3+  11. Nxc3  d5
12. O-O  dxe4  13. Qxd8+
Kxd8  14. fxe4  Ke7
15. Be3  b6  16. Rad1
Bb7  17. f3  Rhd8
18. Kf2  Ba6  19. Rg1
Rxd1  20. Rxd1  Rc8
21. Rd2  Ne8  22. e5
f6  23. f4  fxe5
24. fxe5  Nc7  25. Ke1
Rf8  26. Bf2  Rf5
27. Rd4  Rxe5+  28. Kd1
Nd5  29. Ne4  Bb7
30. Kd2  Nf6  31. Nxf6
gxf6  32. Rc4  Kd7
33. Bg3  Rc5  34. Rf4
Rf5  35. Rc4  e5
36. Ra4  a5  37. Rc4
Ba6  38. Rc3  Rg5
39. Rf3  Ke6  40. Rc3
Kd6  41. Rb3  b5
42. Rd3+  Ke6  43. Rc3
Bb7  44. Rc7  Bd5
45. Ra7  a4  46. Ra6+
Kf5  47. Rb6  Bc4
48. b3  axb3  49. cxb3
Bxb3  50. Rxb5  Bc4
51. Rc5  Be6  52. Ra5
Kg6  53. Ra7  e4
54. a4  Rd5+  55. Ke3
f5  56. a5  Rd3+
57. Ke2  Rd7  58. Ra8
Kg5  59. a6  f4
60. a7  Bg4+  61. Kf1  Rd1+
62. Be1  Bh3+  63. Ke2
Bg4+  64. Kf1  Bh3+
65. Ke2  Bg4+  66. Kf1
f3  67. Rg8+  Kf4
68. Rxg4+  Kxg4  69. a8=Q
Kf4  70. Qf8+  Ke3
71. Qxh6+  Kd3  72. Qd6+
Kc2  73. Qc5+  Kb3
74. Qb5+  1-0

[Event "MCR mladeze, Kouty 2018 - H10"]
[Site "Kouty nad Desnou"]
[Date "2018.03.13"]
[Round "5"]
[White "Pressler, Tobias"]
[Black "Jasso, Matej"]
[Result "1/2-1/2"]
[WhiteElo "1336"]
[BlackElo "1115"]
[EventDate "2018.03.10"]

1. d4  Nf6  2. Nc3  d5
3. Bf4  Bf5  4. Qd2
e6  5. O-O-O  Bb4
6. f3  h6  7. Kb1
O-O  8. g4  Bh7
9. h4  Bd6  10. g5  Bxf4
11. Qxf4  Nh5  12. Qg4
Bg6  13. e4  dxe4
14. fxe4  f5  15. gxf6
Qxf6  16. Bc4  Nf4
17. Rf1  h5  18. Qf3
Qxd4  19. Bxe6+  Nxe6
20. Qg2  Rxf1+  21. Qxf1
Bxe4  22. Nge2  Qe5
23. Rh3  Qf5  24. Qxf5
Bxf5  25. Rf3  Bg4
26. Re3  Nc6  27. Ng3
Rf8  28. a3  Rf3
29. Rxf3  Bxf3  30. Kc1
Kf7  31. Kd2  Ncd4
32. Ke3  Kf6  33. Na2
Ke5  34. c3  Bd5
35. cxd4+  Nxd4  36. Nb4
Bc4  37. Nxh5  Nf5+
38. Kd2  g6  39. b3
Bxb3  40. Nd3+  Kd4
41. Nhf4  Nxh4  42. Ne2+
Ke4  43. Nc5+  Kf3
44. Nxb3  g5  45. Nbd4+
Kf2  46. Ne6  Nf3+
47. Kd1  g4  48. Nxc7
Ng1  49. Nxg1  Kxg1
50. Ke2  g3  51. Nd5
Kh2  52. Nf4  a5
53. Kd3  Kg1  54. Kc4
Kf2  55. Kb5  Kf3
56. Nh3  Kg4  57. Ng1
g2  58. Kxa5  Kg3
59. Kb6  Kf2  60. Nh3+
Kg3  61. Ng1  Kh2
62. Nf3+  Kg3  63. Ng1
Kf2  64. Nh3+  Kg3
65. Ng1  Kf2  66. Nh3+
Kg3  67. Ng1  Kf2
68. Nh3+  Kg3  69. Ng1
Kf2 70. Nh3+ 1/2-1/2

[Event "MCR mladeze, Kouty 2018 - H10"]
[Site "Kouty nad Desnou"]
[Date "2018.03.13"]
[Round "5"]
[White "Setina, Vaclav"]
[Black "Juhanak, Daniel"]
[Result "1/2-1/2"]
[WhiteElo "1224"]
[BlackElo "1398"]
[EventDate "2018.03.10"]

1. e4  e6  2. d4  d5
3. exd5  exd5  4. Bd3
Nc6  5. Nf3  Bd6
6. O-O  Nge7  7. c4
dxc4  8. Bxc4  h6
9. Nc3  Bf5  10. Nb5
Bb4  11. d5  Na5
12. Qa4  c5  13. Nc7+
Kf8  14. Nxa8  Nxc4
15. a3  b5  16. Qd1
Ba5  17. b4  cxb4
18. axb4  Bxb4  19. Nd4
Qxa8  20. Qf3  Nd6
21. Bf4  Qxd5  22. Qxd5
Nxd5  23. Bxd6+  Bxd6
24. Nxf5  Bc5 1/2-1/2

[Event "MCR mladeze, Kouty 2018 - H10"]
[Site "Kouty nad Desnou"]
[Date "2018.03.13"]
[Round "5"]
[White "Buchta, Bartolomej"]
[Black "Barta, David"]
[Result "1/2-1/2"]
[WhiteElo "1352"]
[BlackElo "1164"]
[EventDate "2018.03.10"]

1. e4  e5  2. Nf3  Nc6
3. Bc4  Bc5  4. c3
Nf6  5. d4  exd4
6. cxd4  Bb4+  7. Nc3
Nxe4  8. O-O  Bxc3
9. d5  Bf6  10. Re1
Ne7  11. Rxe4  d6
12. Bg5  Bxg5  13. Nxg5
h6  14. Qe2  hxg5
15. Re1  Be6  16. dxe6
f6  17. Re3  c6
18. Rh3  Rxh3  19. gxh3  g6
20. Bd3  Qa5  21. Kf1
Qe5  22. Qf3  Qf4
23. Qxf4  gxf4  24. Bc2
O-O-O  25. Re4  g5
26. h4  Rh8  27. hxg5
fxg5  28. Kg2  d5
29. Re5  Rh6  30. Kf3
Kc7  31. Rxg5  Rxe6
32. Bd3  Rh6  33. Kg2
Kd6  34. h3  b6
35. Rg4  Ke5  36. h4 Nf5  37.
Bxf5  Kxf5  38. Kf3  Rf6
39. Rxf4+  Ke5  40. Rxf6
Kxf6  41. Kf4  c5
42. h5  d4  43. b3
b5  44. Ke4  Kg5
45. a3  Kxh5  46. b4
c4  47. Kxd4  Kg4
48. a4 a6  49. axb5  axb5
50. Ke4  Kg5  51. f3
Kg6  52. f4  Kf6
53. f5  Kg5  54. Ke5
c3  55. f6 Kg6  56. Ke6
c2  57. f7  c1=Q
58. f8=Q  Qe3+  59. Kd7
Qb3  60. Qd6+ Kf5  61. Qf8+
Ke4  62. Qe7+  Kd3
63. Qd6+  Ke4  64. Qg6+
Kd4  65. Qf6+ Ke4  66. Qh4+
Kd3  67. Qg3+  Kc4
68. Qh4+  Kc3  69. Qe1+
Kc4  1/2-1/2

[Event "MCR mladeze, Kouty 2018 - H10"]
[Site "Kouty nad Desnou"]
[Date "2018.03.13"]
[Round "5"]
[White "Prazak, Daniel"]
[Black "Nguyen, Thai Dang Vi"]
[Result "1-0"]
[WhiteElo "1308"]
[BlackElo "1435"]
[EventDate "2018.03.10"]

1. e4  e5  2. Nf3  Nf6
3. Nxe5  d6  4. Nxf7
Kxf7  5. d4  Be7
6. Nc3  c5  7. Bc4+
Kf8  8. d5  Nbd7
9. Qe2  a6  10. a4
Ne5  11. Bb3  Bg4
12. f3  Bh5  13. h3
Nfd7  14. g4  Be8
15. f4  Ng6  16. Rf1
Bf7  17. Be3  Kg8
18. Qg2  Qe8  19. Ne2
Bf6  20. c3  Nb6
21. g5  Bd8 22. a5  Nxd5
23. Bd2  Nc7  24. Bd1
Be7  25. e5  Bd5
26. Qg3  Nf8  27. f5
Bd8  28. exd6  Nb5
29. f6  gxf6  30. gxf6+
Qg6  31. Qxg6+  Nxg6
32. Bh6  Kf7  33. Bg7
Re8  34. Rf5  Re5
35. Rxe5  Nxe5  36. Nf4
Be4  37. Bh5+  Bg6
38. Bxg6+  hxg6  39. O-O-O
Bxf6  40. Bxf6  Kxf6
41. Nd5+  Ke6  42. d7
Nxd7  43. c4  Ne5 44. cxb5
Rd8  45. Nc7+  Ke7
46. Rxd8  Kxd8  47. bxa6
bxa6  48. Nxa6  c4
49. Kc2  Nc6  50. Kc3
Nxa5  51. Kb4  Nc6+
52. Kxc4  Kc8  53. Kd5
Kd7  54. Nc5+  Kc7
55. Nd3 1-0

[Event "MCR mladeze, Kouty 2018 - H10"]
[Site "Kouty nad Desnou"]
[Date "2018.03.13"]
[Round "5"]
[White "Ulcak, Michael"]
[Black "David, Adam"]
[Result "1-0"]
[WhiteElo "1354"]
[BlackElo "1379"]
[EventDate "2018.03.10"]

1. e4  c5  2. c3  Nf6 3. e5
Nd5  4. d4  e6
5. Nf3  Be7  6. Bc4  Nb6
7. Bd3  a6  8. O-O
O-O  9. Be3  c4
10. Bc2  d5  11. Nbd2  Nc6
12. Re1  f6  13. exf6
Bxf6  14. Nf1  e5
15. dxe5  Nxe5  16. Nxe5
Bxe5  17. Bxb6  Bxh2+
18. Nxh2  Qxb6  19. Qxd5+
Kh8  20. Qf7  Bf5
21. Qxc4  Qxf2+  22. Kxf2
Be6+  23. Kg1  Bxc4
24. Rad1  Bf7  25. b3
Rac8  26. c4  b5
27. Bd3  bxc4  28. Bxc4 Bxc4
29. bxc4  Rxc4  30. Rd2
h6  31. Rde2  Kh7
32. Nf3  Rg4  33. Rf1
Rf6  34. Nh2  Rxf1+
35. Kxf1  Rf4+  36. Ke1
Rc4  37. Kf2  Rf4+
38. Kg3  Rf6  39. Nf3
Rg6+  40. Kh3  Rb6
41. g4  Rf6  42. Kg3
Rc6  43. Re3  Rd6
44. Ne5  Re6  45. Kf4
Rf6+  46. Ke4  Rb6
47. a3  Rb5  48. Rc3
Ra5  49. Kd4  Rb5
50. Rc6  Ra5  51. Rc3
Rb5  52. Rh3  Kg8
53. Rd3  Rb6  54. Ke4
Rb5  55. a4  Rb6
56. Rd4  Rb7  57. Kd5
Rb6  58. Kc5  Rb8
59. Rd6  Ra8  60. a5 Re8
61. Rd5  Rc8+  62. Kb6
Rb8+  63. Kxa6  Re8
64. Kb7  Re7+  65. Nd7
1-0

[Event "MCR mladeze, Kouty 2018 - H10"]
[Site "Kouty nad Desnou"]
[Date "2018.03.13"]
[Round "5"]
[White "Zelba, Lukas"]
[Black "Juracak, David"]
[Result "1-0"]
[WhiteElo "1184"]
[BlackElo "1074"]
[EventDate "2018.03.10"]

1. c4 e5 2. Nc3 Nf6 3. d3 Nc6 4. g3 d5 5. cxd5 Nxd5 6. Bg2 Be6 7. Nf3 Be7 8. Nxd5
Qxd5 9. O-O O-O 10. Ng5 Qd6 11. Ne4 Qd7 12. Bg5 f6 13. Bd2 Bh3 14. f4 Bxg2 15.
Kxg2 b5 16. Qb3+ Kh8 17. Qxb5 Rab8 18. Qc4 Rxb2 19. Rfb1 Rxb1 20. Rxb1 h6 21. Be3
Nd4 22. Bxd4 exd4 23. Qb5 Qxb5 24. Rxb5 Ra8 25. Rb7 Bd6 26. Nxd6 cxd6 27. Kf3 f5
28. Rd7 Rb8 29. Rxd6 Rb2 30. Ra6 Rb7 31. Ra4 Rd7 32. Ra6 Kg8 33. e4 dxe3 34. Kxe3
Kh7 35. d4 g5 36. fxg5 hxg5 37. Rf6 f4+ 38. gxf4 gxf4+ 39. Rxf4 Kg6 40. Rf2 Rc7
41. Ke4 Re7+ 42. Kd5 Rd7+ 43. Ke5 Rxd4 44. Kxd4 Kg5 45. h4+ Kg4 46. h5 Kg5 47. h6
Kg6 48. h7 Kg7 49. h8=Q+ Kxh8 50. Rg2 a5 51. Ke5 a4 52. Kf6 a3 53. Kf7 Kh7 54.
Rh2# 1-0

[Event "MCR mladeze, Kouty 2018 - H10"]
[Site "Kouty nad Desnou"]
[Date "2018.03.13"]
[Round "5"]
[White "Zemek, Antonin"]
[Black "Buchtova, Viktorie"]
[Result "0-1"]
[WhiteElo "1094"]
[BlackElo "1023"]
[EventDate "2018.03.10"]

1. e4  e5  2. Nf3  Nc6
3. Nc3  Nf6  4. d4
exd4  5. Nxd4  Bb4
6. Nxc6  bxc6  7. Bd3
d5  8. exd5  cxd5
9. O-O  O-O  10. Bb5
d4  11. Ne2  Qd5
12. Ba4  Bb7  13. f3
Rac8  14. Bf4  c6
15. Bb3  Qb5  16. Kh1
Rfe8  17. Nxd4  Qc5
18. Ne2  Ba6  19. c4
Rcd8  20. Qc2  Nh5
21. Bg3  Rd2  22. Qc1
Rexe2  23. Qxd2  Rxd2
24. Rfe1  Nxg3+  25. hxg3
Qh5+  26. Kg1  Bc5+
27. Re3  Bxe3+  28. Kf1
Qh1#  0-1

[Event "MCR mladeze, Kouty 2018 - H10"]
[Site "Kouty nad Desnou"]
[Date "2018.03.13"]
[Round "5"]
[White "Taus, Zdenek"]
[Black "Veverka, Vladimir"]
[Result "0-1"]
[WhiteElo "1152"]
[BlackElo "1217"]
[EventDate "2018.03.10"]

1. e4  Nf6  2. Nc3  e5
3. Nf3  Nc6  4. Bc4
Bc5  5. d3  d6
6. Bg5  Bg4  7. Nd5  Nd4
8. Nxf6+  gxf6  9. Bh6
Bxf3  10. gxf3  Qe7
11. c3  Ne6  12. b4
Bb6  13. Bd5  O-O-O
14. a4  c6  15. a5
Bc7  16. Bxe6+  fxe6
17. c4  d5  18. Rc1
Qxb4+  19. Bd2  Qe7
20. Rb1  b6  21. Qa4
Qd6  22. axb6  axb6
23. Rg1  Kb7  24. Rg7
Ra8  25. Rxb6+  Kxb6
26. Qb3+  Ka6  27. Bb4
c5  28. Ba5  Rab8
29. Bb4  Rxb4  30. Qa2+
Kb7  31. exd5  Ra8
32. Rxc7+  Qxc7  33. Qc2
Ra1+  34. Kd2  Qa5
35. Ke3  Re1+  36. Kd2
Rb2#  0-1

[Event "MCR mladeze, Kouty 2018 - H10"]
[Site "Kouty nad Desnou"]
[Date "2018.03.14"]
[Round "6"]
[White "Hladky, Tadeas"]
[Black "Brozka, Karel"]
[Result "0-1"]
[WhiteElo "1592"]
[BlackElo "1665"]
[EventDate "2018.03.10"]

1. e4 c6 2. d4 d5 3. exd5 cxd5 4. c3 Nc6 5. Nf3 Nf6 6. Bd3 Bg4 7. O-O e6 8. Bf4
Bd6 9. Bxd6 Qxd6 10. Nbd2 O-O 11. Re1 Rab8 12. Qc2 Rfc8 13. a3 Bxf3 14. Nxf3 Rc7
15. Rad1 b5 16. Ne5 a5 17. Qe2 b4 18. Nxc6 Qxc6 19. axb4 axb4 20. Rc1 Qb6 21. Rb1
Rbc8 22. Rec1 Qd6 23. Ra1 g6 24. Qd2 bxc3 25. bxc3 Kg7 26. Ra6 Rc6 27. Rca1 Rxa6
28. Rxa6 Qc7 29. Ra3 Qb6 30. Qa2 Rb8 31. g3 Qb2 32. Qa1 Qd2 33. Qf1 Rb2 34. h3
Nh5 35. Kg2 Qg5 36. Kf3 Qf6+ 37. Kg2 e5 38. Be2 e4 39. Ra5 Qg5 40. Bxh5 Qxh5 41.
Kg1 Qf3 42. Qg2 Qxc3 43. Rxd5 e3 44. Rc5 Qxd4 45. Rd5 exf2+ 46. Kf1 Qc4+ 0-1

[Event "MCR mladeze, Kouty 2018 - H10"]
[Site "Kouty nad Desnou"]
[Date "2018.03.14"]
[Round "6"]
[White "Fizer, Marek"]
[Black "Finek, Vaclav"]
[Result "0-1"]
[WhiteElo "1434"]
[BlackElo "1626"]
[EventDate "2018.03.10"]

1. e4  d6  2. d4  Nf6
3. Nc3  g6  4. f3
Bg7  5. Be3  c6
6. Qd2  b5  7. Nge2  Nbd7
8. h4  Nb6  9. Ng3
b4  10. Nd1  a5
11. h5  O-O  12. Bh6  Bxh6
13. Qxh6  Qc7  14. Bd3
Ba6  15. e5  dxe5
16. Bxg6  fxg6 17. hxg6  e6
18. dxe5  Qxe5+  19. Ne4
Ra7  20. Ne3  Nbd5
21. Nxf6+ Nxf6  22. O-O-O  Rg7
23. gxh7+  Rxh7  24. Ng4
Rxh6  25. Nxe5  Rxh1
26. Rxh1  Bb7  27. g4
Kg7  28. Kd2  Nd7
29. Nxd7  Rd8  30. Ke3
Rxd7  31. Rh2  c5
32. f4  Bd5  33. a3
bxa3  34. bxa3  Rb7
35. Kd3  Rb2  36. Rh3
Ra2  37. Kd2  a4
38. Kc1  Ra1+  39. Kd2
Rh1  40. Rxh1  Bxh1
41. Kd3  0-1

[Event "MCR mladeze, Kouty 2018 - H10"]
[Site "Kouty nad Desnou"]
[Date "2018.03.14"]
[Round "6"]
[White "Prazak, Daniel"]
[Black "Soucek, Jan"]
[Result "0-1"]
[WhiteElo "1308"]
[BlackElo "1354"]
[EventDate "2018.03.10"]

1. e4  e5  2. Nf3  Nc6
3. Bb5  Bc5  4. O-O
d6  5. h3  Bd7
6. c3  Nf6  7. Re1  O-O
8. d3  Ne7  9. Bxd7
Nxd7  10. Nbd2  Ng6
11. Nf1  c6  12. Ng3
Qc7  13. Nf5  d5
14. exd5  cxd5  15. Nxe5
Bxf2+  16. Kxf2  Ndxe5
17. Ne3  Nf4  18. Kg1
Nfxd3  19. Rf1  Qb6
20. Qc2  d4  21. cxd4
Qxd4  22. Kh1  Rac8
23. Qd2  Nc4  24. Nxc4
Qxc4  25. Qa5  Nc5
26. Qxa7  Qxf1+  27. Qb6 Ra8+
28. Qa7 0-1

[Event "MCR mladeze, Kouty 2018 - H10"]
[Site "Kouty nad Desnou"]
[Date "2018.03.14"]
[Round "6"]
[White "Nemec, Jachym"]
[Black "Pressler, Tobias"]
[Result "0-1"]
[WhiteElo "1539"]
[BlackElo "1336"]
[EventDate "2018.03.10"]

1. e4  d6  2. d4  Nf6
3. Nc3  e5  4. Nf3
Nbd7  5. Bc4  Be7
6. O-O  O-O  7. Re1
c6  8. h3  b5
9. Bd3  Re8  10. Bd2  Bb7
11. dxe5  dxe5  12. Be3
Qc7  13. Nh4  a6
14. Nf5  Bf8  15. Qf3
Kh8  16. Rad1  Rad8
17. g4  g6  18. g5
gxf5  19. gxf6  f4
20. Bd2  Nxf6  21. Kh2
Be7  22. a4  Rg8
23. axb5  axb5  24. Ne2
Bc5  25. b4  Bb6
26. Bc3  Bc8  27. Nxf4
Ng4+  28. hxg4  Bxg4
29. Qh1  Bxd1  30. Rxd1
Bxf2  31. Qf3  Bd4
32. Nh5  Rd6  33. Bxd4
exd4  34. e5  Re6
35. Re1  Rg5  36. Rg1
Qxe5+  37. Ng3  Rf6
0-1

[Event "MCR mladeze, Kouty 2018 - H10"]
[Site "Kouty nad Desnou"]
[Date "2018.03.14"]
[Round "6"]
[White "Juhanak, Daniel"]
[Black "Zelba, Lukas"]
[Result "1/2-1/2"]
[WhiteElo "1398"]
[BlackElo "1184"]
[EventDate "2018.03.10"]

1. d4  Nf6  2. Nf3  g6
3. g3  Bg7  4. Bg2
d6  5. O-O  Nbd7
6. c4  O-O  7. Nc3
c5  8. d5  Nb6
9. Qd3  Bd7  10. e4  Ne8
11. Re1  Qc8  12. Qf1
f5  13. exf5  Bxf5
14. Rxe7  Bf6  15. Re1
Bxc3  16. bxc3  Na4
17. Re3  Nf6  18. h3
Re8  19. g4  Rxe3
20. Bxe3  Bd7  21. Qd3
Nb2  22. Qe2  Na4
23. Qc2  Qe8  24. Nd2
Qe5  25. Rc1  Nb6
26. Re1  Qe8  27. Qc1
Qf7  28. Bf4  Ne8
29. Bg5  Nf6  30. Re3
Qg7  31. Qe1  Re8
32. Rxe8+  Nxe8  33. Qe3
Nf6  34. Qf4  Ne8
35. Bf1 1/2-1/2

[Event "MCR mladeze, Kouty 2018 - H10"]
[Site "Kouty nad Desnou"]
[Date "2018.03.14"]
[Round "6"]
[White "Day, Tobias"]
[Black "Buchta, Bartolomej"]
[Result "0-1"]
[WhiteElo "1340"]
[BlackElo "1352"]
[EventDate "2018.03.10"]

1. d4  Nf6  2. Nf3  e6
3. e3  c5  4. Bd3
d5  5. b3  Nc6
6. Bb2  Be7  7. dxc5  Bxc5
8. a3  a5  9. O-O
O-O  10. Nbd2  Re8
11. Ne5  Nxe5  12. Bxe5
b6  13. Nf3  Ng4
14. Bd4  e5  15. Bxc5
bxc5  16. Bb5  Re6
17. h3  Nf6  18. Be2
Bb7  19. Qb1  Ne4
20. Bd3  d4  21. Bxe4
Bxe4  22. Nd2  Bc6
23. Qe1  Qg5  24. f3
dxe3  25. Ne4  Bxe4
26. fxe4  Rg6  27. Qe2
Rd8  28. Rad1  Rd4
29. Rxd4  exd4  30. Rf5
Qe7  31. Qb5  h6
32. Qc4  Rf6  33. Qxc5
Qxc5  34. Rxc5  e2
35. Rc8+  Kh7  0-1

[Event "MCR mladeze, Kouty 2018 - H10"]
[Site "Kouty nad Desnou"]
[Date "2018.03.14"]
[Round "6"]
[White "Barta, David"]
[Black "Setina, Vaclav"]
[Result "0-1"]
[WhiteElo "1164"]
[BlackElo "1224"]
[EventDate "2018.03.10"]

1. e4  c5  2. Nf3  Nc6
3. d4  cxd4  4. Nxd4
g6  5. Nb5  a6
6. N5a3  Bg7  7. Nc3  Nf6
8. Bg5  O-O  9. Bd3
Ne5  10. O-O  b5
11. Nd5  Nxd5  12. exd5
Nxd3  13. Qxd3  d6
14. c3  Bb7  15. Rae1
Re8  16. Qe4  Bf8
17. f4  Qb6+  18. Kh1
e6  19. c4  exd5
20. Qxe8  Rxe8  21. Rxe8
Kg7  22. cxb5  axb5
23. h3  d4  24. Ree1
b4  25. Nc4  Qc6
26. Rg1  Qxc4  27. b3
Qc3  28. Rc1  Qxh3# 0-1

[Event "MCR mladeze, Kouty 2018 - H10"]
[Site "Kouty nad Desnou"]
[Date "2018.03.14"]
[Round "6"]
[White "Ulcak, Michael"]
[Black "Kubin, Tomas Daniel"]
[Result "1/2-1/2"]
[WhiteElo "1354"]
[BlackElo "1218"]
[EventDate "2018.03.10"]

1. e4  d5  2. exd5  Nf6
3. d4  Nxd5  4. Nf3
g6  5. Bc4  Nb6
6. Bb3  Bf5  7. O-O  Bg7
8. Bf4  O-O  9. Qd2
e6  10. Bh6  Nc6
11. Bxg7  Kxg7  12. Nc3
Nd5  13. Nxd5  exd5
14. Rfe1  Qd6  15. Re3
Rfe8  16. Rae1  Rxe3
17. Rxe3  Be6  18. c3
Na5  19. Qe1  Nxb3
20. axb3  Qb6  21. Qd1
Re8  22. h3  Bd7 1/2-1/2

[Event "MCR mladeze, Kouty 2018 - H10"]
[Site "Kouty nad Desnou"]
[Date "2018.03.14"]
[Round "6"]
[White "Buchtova, Viktorie"]
[Black "Jasso, Matej"]
[Result "0-1"]
[WhiteElo "1023"]
[BlackElo "1115"]
[EventDate "2018.03.10"]

1. e4  c5  2. Nf3  d6
3. d4  cxd4  4. Nxd4
Nf6  5. Nc3  a6
6. f3  e5  7. Nb3  Be7
8. Be3  O-O  9. Qd2
Bd7  10. O-O-O  Nc6
11. g4  b5  12. h4
b4  13. Ne2  Be6
14. h5  Bxb3  15. cxb3
Rc8  16. Kb1  Nd7
17. g5  f5  18. g6 f4
19. Bf2  h6  20. Rc1
Nf6  21. Qc2  d5
22. Bh3  Nd7  23. exd5
Na7  24. Qd2  Rxc1+
25. Rxc1  Nb5  26. Rc6
a5  27. Qd3  Nd6
28. Qa6 Nb8  29. Bb6  Qe8
30. Be6+  Kh8  31. Bf7
Nxf7  32. gxf7  Qxf7
33. Qb7  Nxc6  34. dxc6
Qf5+  35. Ka1  Re8
36. c7  Qc8  37. Qd5
Bf6  38. Qd6  Re6
39. Qd8+  Bxd8  40. cxd8=Q+
Qxd8  41. Bxd8  Rd6
42. a4  Rxd8  43. Kb1
Kg8  44. Kc2  Kf7
45. Nc1  Ke6  46. Nd3
Rxd3  47. Kxd3  Kd5
48. Ke2  Kd4  49. Kd2
e4 50. fxe4  Kxe4  51. Ke2
f3+  52. Kf2  Kf4
53. Kf1  Kg4  54. Kf2
Kxh5  55. Kxf3  g5
56. Kg3  g4  57. Kg2
Kh4  58. Kh2  g3+
59. Kg2  Kg4  60. Kg1
Kf3  61. Kf1  h5
62. Kg1  g2  63. Kh2
Kf2  64. Kh3  g1=Q
65. Kh4  Qg4#  0-1

[Event "MCR mladeze, Kouty 2018 - H10"]
[Site "Kouty nad Desnou"]
[Date "2018.03.14"]
[Round "6"]
[White "David, Adam"]
[Black "Nguyen, Thai Dang Vi"]
[Result "0-1"]
[WhiteElo "1379"]
[BlackElo "1435"]
[EventDate "2018.03.10"]

1. e4 e5 2. Nf3 Nf6 3. Bc4 Nxe4 4. Nxe5 d5 5. Bb3 Qe7 6. d4 f6 7. Qe2 fxe5 8.
Bxd5 Nf6 9. Bb3 exd4 10. Qxe7+ Bxe7 11. O-O Bd7 12. Bf4 c5 13. Bxb8 Rxb8 14. Re1
Kd8 15. Nd2 b5 16. a3 Bd6 17. c4 a6 18. Bc2 Kc7 19. Bd3 Rhe8 20. Red1 Bc6 21.
cxb5 Bxb5 22. Bxb5 axb5 23. Rac1 Kb6 24. Rc2 Re7 25. Nf3 Rbe8 26. Kf1 Ng4 27. h3
Ne5 28. Nxe5 Rxe5 29. g3 Rd5 30. Rcd2 Be5 31. Re1 Red8 32. f4 Bf6 33. Re6+ R5d6
34. Re4 c4 35. Kg2 c3 36. bxc3 dxc3 37. Rde2 Rc6 38. a4 c2 39. axb5 Kxb5 40. R4e3
c1=Q 41. Rb3+ Kc4 0-1

[Event "MCR mladeze, Kouty 2018 - H10"]
[Site "Kouty nad Desnou"]
[Date "2018.03.14"]
[Round "6"]
[White "Juracak, David"]
[Black "Veverka, Vladimir"]
[Result "1/2-1/2"]
[WhiteElo "1074"]
[BlackElo "1217"]
[EventDate "2018.03.10"]

1. d4  Nf6  2. c4  e5
3. Nc3  exd4  4. Qxd4
Nc6  5. Qd1  h6
6. a3  a6  7. Nf3  Bc5
8. e3  O-O  9. Bd3
d6  10. h3  Be6
11. Ne4  Nxe4  12. Bxe4  Bxc4
13. Bb1  g6 14. Qc2  Be6
15. O-O  Re8  16. e4
Kg7  17. Qd2  Rh8
18. b4  Ba7  19. Qc2
Nd4  20. Bb2  Qf6
21. Nxd4  Bxd4  22. Bxd4
Qxd4  23. Ba2  Bxa2
24. Rxa2  Qb6  25. Qc3+
f6  26. Rc1  c6
27. Rd1  Rad8  28. Rad2  Qc7
29. Qd3  Rd7  30. Qxd6
Rxd6  31. Rxd6  Qxd6
32. Rxd6  Rf8  33. Rd7+
Rf7  34. Rxf7+  Kxf7
35. Kf1  Ke6  36. Ke2
Kd6  37. Kd3  c5
38. f4  b6  39. bxc5+
Kxc5  40. Kc3  b5 41. e5
fxe5  42. fxe5  Kd5
43. Kb4  Kxe5  44. Kc5
Kf4  45. Kb6  Kg3
46. Kxa6 Kxg2 47. Kxb5  g5  48.
a4  Kxh3  49. a5  g4
50. a6  1/2-1/2

[Event "MCR mladeze, Kouty 2018 - H10"]
[Site "Kouty nad Desnou"]
[Date "2018.03.14"]
[Round "6"]
[White "Taus, Zdenek"]
[Black "Zemek, Antonin"]
[Result "1-0"]
[WhiteElo "1152"]
[BlackElo "1094"]
[EventDate "2018.03.10"]

1. e4  e5  2. Nf3  Nf6
3. Nc3  Bb4  4. Bc4
d6  5. d3  Be6
6. Bb3  Nc6  7. Bg5  h6
8. Bh4  O-O  9. O-O
Nd4  10. Nxd4  exd4
11. Nd5  Bxd5  12. Bxd5
c6  13. Bb3  Qe7
14. f4  Kh8  15. Bc4
a5  16. a3  Bc5
17. Re1 d5 18. Bxd5  cxd5  19. e5
Qd7  20. exf6  gxf6
21. Qh5  Kh7  22. Bxf6
Rae8  23. Rxe8  Rxe8
24. Bg5  Re6  25. f5
Re8  26. Qxh6+  Kg8
27. Bf6  Bf8  28. Qh8#
1-0